000 00676nam a2200217Ii 4500
003 JO-AjNU
008 230606s9999||||xx |||||||||||||| ||und||
020 _a0-07-048388-4
040 _aJO-AjNU
_beng
_erda
_cJO-AjNU
041 _aeng
050 1 4 _aHG3881 2007
100 3 _aApte,Prakash G,
_eauthor
_91403
245 0 0 _aInternational Financial A Bausiness Perspective
250 _a7th ed
264 3 1 _aNew Delhe : Tata Mc Graw Hill Publishing company Limited,2007
300 _a444p
_bIncludes indexes(p441-444)
336 _atext
_btxt
_2rdacontent
337 _aunmediated
_bn
_2rdamedia
338 _avolume
_bnc
_2rdacarrier
650 4 _aInternational finance
_91404
999 _aE740
_c740
_d740